Obras del V. P. M. F. Luis de Granada, del Sagrado Orden de Predicadores

Detalles Bibliográficos
Autor principal: Luis de Granada, fray, 1504-1588
Otros Autores: Muñoz, Luis. Vida, y virtudes del V. P. M. Fr. Luis de Granada, del Sagrado Orden de Predicadores
Formato: Libro
Lenguaje:Spanish
Publicado: en Madrid : en la imprenta de Manuel Martin, 1757
Edición:Nueva edicion
Materias:
Colección:Banco de datos
Acervo:Biblioteca Félix de Jesús Rougier de los Misioneros del Espíritu Santo. Fondo Antiguo
Descripción Física:t. ; 4°
Notas:Portada tipográfica con viñeta y pleca en grabado xilográfico. Texto a renglón seguido con notas a pie de página. Incluyen cabeceras de título en grabado xilográfico. Incluyen capitulares floreadas en grabado xilográfico. Cada tomo con portada y numeración propias. Año de los t. 11-16 publicados en 1757. Paginación: t. 11 [8] h., 484 p.; t. 12 [10] h., 482 p.; t. 13 [8] h., 492 p.; t. 14 [16] h., 446 p.; t. 15 [14] h., 379 p.; t. 16 [12] h., 422 p. Encuadernación en piel sobre cartón (1188-1193). Encuadernación en pergamino sobre cartón (1205-1210). Sello en tinta de la Bibliotheca Domus Studiorum Missionarii Spiritus Sancti (1205-1210). Sello en tinta de la Biblioteca de la Comunidad C. M. F. del Postulando Mexicano (1188-1193). Sello en tinta de la Biblioteca Félix de Jesús Rougier (1188-1193, 1205-1210). Daños en la encuadernación, tapa superior un poco floja (1189). Daños en la encuadernación, lomo y tapa superior desprendidos (1206). Daños en la encuadernación, lomo desprendido (1207)
LEADER 02288nam a22002290004500
035 |a 714 
041 0 |a spa 
100 1 |a Luis de Granada, fray, 1504-1588 
245 1 0 |a Obras del V. P. M. F. Luis de Granada, del Sagrado Orden de Predicadores  
250 |a Nueva edicion 
260 |a en Madrid : en la imprenta de Manuel Martin, 1757 
300 |a  t. ; 4°  
500 |a Portada tipográfica con viñeta y pleca en grabado xilográfico. Texto a renglón seguido con notas a pie de página. Incluyen cabeceras de título en grabado xilográfico. Incluyen capitulares floreadas en grabado xilográfico. Cada tomo con portada y numeración propias. Año de los t. 11-16 publicados en 1757. Paginación: t. 11 [8] h., 484 p.; t. 12 [10] h., 482 p.; t. 13 [8] h., 492 p.; t. 14 [16] h., 446 p.; t. 15 [14] h., 379 p.; t. 16 [12] h., 422 p. Encuadernación en piel sobre cartón (1188-1193). Encuadernación en pergamino sobre cartón (1205-1210). Sello en tinta de la Bibliotheca Domus Studiorum Missionarii Spiritus Sancti (1205-1210). Sello en tinta de la Biblioteca de la Comunidad C. M. F. del Postulando Mexicano (1188-1193). Sello en tinta de la Biblioteca Félix de Jesús Rougier (1188-1193, 1205-1210). Daños en la encuadernación, tapa superior un poco floja (1189). Daños en la encuadernación, lomo y tapa superior desprendidos (1206). Daños en la encuadernación, lomo desprendido (1207) 
504 |a Al principio de cada tomo está el índice de capítulos y párrafos y fe de erratas  
504 |a Al final de tomo está el índice alfabético de las cosas más notables 
505 0 0 |a t. 11 El symbolo de la fé.-- t. 12 El symbolo de la fé.-- t. 13 La doctrina christiana.-- t. 14 Trece sermones.-- t. 15 La escala espiritual de S. Juan Climaco.-- t. 16 El contemptus mundi 
600 1 4 |a Luis de Granada, fray, 1504-1588-Obras 
700 1 |a Muñoz, Luis. Vida, y virtudes del V. P. M. Fr. Luis de Granada, del Sagrado Orden de Predicadores 
949 |a Biblioteca Félix de Jesús Rougier, Fondo Antiguo t. 11 (1188, 1205); t. 12 (1189, 1206); t. 13 (1190, 1207); t. 14 (1191, 1208); t. 15 (1192, 1209); t. 16 (1193, 1210) 
942 |c ROUGIER 
943 |g Biblioteca Félix de Jesús Rougier de los Misioneros del Espíritu Santo. Fondo Antiguo 
999 |c 945733  |d 945733